000 01629nam a2200409Ia 4500
001 ebr10190740
003 CaPaEBR
006 m u
007 cr cn|||||||||
008 040213s2004 ctu sb 000 0 eng d
010 _z 2004002597
020 _z0300104537 (paperbound)
020 _z9780300138283
040 _aCaPaEBR
_cCaPaEBR
035 _a(OCoLC)173818278
050 1 4 _aPR2878.R6
_bR34 2004eb
082 0 4 _a822.3/3
_222
100 1 _aShakespeare, William,
_d1564-1616.
245 1 0 _aRomeo and Juliet
_h[electronic resource] /
_cWilliam Shakespeare ; fully annotated, with an introduction, by Burton Raffel ; with an essay by Harold Bloom.
260 _aNew Haven :
_bYale University Press,
_cc2004.
300 _axxvii, 222 p.
490 1 _aThe annotated Shakespeare
504 _aIncludes bibliographical references.
533 _aElectronic reproduction.
_bPalo Alto, Calif. :
_cebrary,
_d2009.
_nAvailable via World Wide Web.
_nAccess may be limited to ebrary affiliated libraries.
650 0 _aConflict of generations
_vDrama.
650 0 _aJuliet (Fictitious character)
_vDrama.
650 0 _aRomeo (Fictitious character)
_vDrama.
650 0 _aVendetta
_vDrama.
650 0 _aYouth
_vDrama.
651 0 _aVerona (Italy)
_vDrama.
655 7 _aElectronic books.
_2local
700 1 _aBloom, Harold.
700 1 _aRaffel, Burton.
710 2 _aebrary, Inc.
800 1 _aShakespeare, William,
_d1564-1616.
_tWorks.
_f2003.
_sYale University Press.
856 4 0 _uhttp://site.ebrary.com/lib/rucke/Doc?id=10190740
_zAn electronic book accessible through the World Wide Web; click to view
999 _c147699
_d147699